AUDITY VÝROBNÉHO PROCESU

Bibliographic Details
Main Author: Šesták, Milan (Author)
Format: Article
Language:Slovak

MARC

LEADER 00000nab a2200000 a 4500
001 vtls011116995
003 SK-MaSNL
005 20260304030125.0
008 250310|2006 xo |||||||||||||||||slo|
015 |a SNBRB 
035 |a (uuid)85c2e92f-7d32-428b-ab33-53bb4c4b2df5 
035 |a (urnnbn)urn:nbn:sk:snk:ar-a08lao 
035 |a urn:nbn:sk:snk-ab9ngi 
040 |a SNKBUCL  |b slo  |c SNKBUCL  |e AACR2 
041 0 |a slo 
044 |a xo  |c SK 
100 1 |a Šesták, Milan  |4 aut  |9 790917 
245 1 0 |a AUDITY VÝROBNÉHO PROCESU  |c Milan Šesták 
773 0 |t Kvalita : odborný časopis Slovenskej spoločnosti pre kvalitu  |g Roč. 14, č. 1 (2006), s. 6-14 
958 |a OND 
958 |a EUIPO 
958 |a article13 
999 |c 2631829  |d 2633759